[Event "?"]
[Site "?"]
[Date "2014.04.17"]
[Round "6.9"]
[White "Willim, Michael"]
[Black "Walter, Thomas"]
[Result "1/2-1/2"]
[WhiteElo "2141"]
[BlackElo "2128"]
[PlyCount "104"]
[EventDate "2014.??.??"]
[WhiteTeam "SC Erlangen 48/88 e.V."]
[BlackTeam "SC Erlangen 48/88 e.V."]

1. g3 e5 2. c4 Nc6 3. Bg2 f5 4. Nc3 Nf6 5. d3 Bb4 6. Nf3 Bxc3+ 7. bxc3 O-O 8.
O-O d6 9. Bg5 Qe8 10. Bxf6 Rxf6 11. Rb1 Qh5 12. Qc1 f4 13. Re1 Rh6 14. gxf4 Rb8
15. f5 Bxf5 16. Qg5 Qxg5 17. Nxg5 Rg6 18. Bxc6 Rxg5+ 19. Kh1 b6 20. Rg1 Rg6 21.
Rxg6 Bxg6 22. Bd5+ Kf8 23. Kg2 Ke7 24. Kg3 Rf8 25. Rd1 Bh5 26. Re1 g5 27. e3
Bg6 28. d4 e4 29. Bc6 Rf3+ 30. Kg2 Bf5 31. Rb1 h5 32. c5 h4 33. cxb6 axb6 34.
a4 g4 35. a5 bxa5 36. Rb7 g3 37. fxg3 hxg3 38. hxg3 Rxe3 39. Rxc7+ Kd8 40. Rf7
Be6 41. Ra7 Bg4 42. Kf2 Re2+ 43. Kf1 e3 44. Rg7 Rf2+ 45. Ke1 Be2 46. Rd7+ Kc8
47. Re7 Bc4 48. Rxe3 Rf1+ 49. Kd2 Rf2+ 50. Ke1 Rf1+ 51. Kd2 Rf2+ 52. Ke1 Rf1+
1/2-1/2

[Event "?"]
[Site "?"]
[Date "2014.04.17"]
[Round "6.10"]
[White "Zühlke, Burkhard"]
[Black "Götz, Andreas"]
[Result "0-1"]
[WhiteElo "2087"]
[BlackElo "2116"]
[PlyCount "106"]
[EventDate "2014.??.??"]
[WhiteTeam "SK Zirndorf e.V."]
[BlackTeam "SC Erlangen 48/88 e.V."]

1. d4 e6 2. c4 Bb4+ 3. Nc3 b6 4. Qb3 a5 5. a3 Bxc3+ 6. Qxc3 Bb7 7. Qg3 g6 8. e4
d6 9. Bd3 Nd7 10. Nf3 Ngf6 11. Qf4 Qe7 12. Qe3 e5 13. O-O O-O 14. Re1 Rfe8 15.
b3 Nh5 16. g3 Bc8 17. Bb2 f6 18. Bf1 c5 19. dxe5 dxe5 20. Bh3 Nf8 21. Bxc8
Rexc8 22. Nd2 Ne6 23. Nb1 Nd4 24. Bxd4 cxd4 25. Qd3 Ng7 26. Nd2 Ne6 27. Reb1
Kg7 28. Qe2 Rd8 29. Nf3 d3 30. Qe3 Qc5 31. Rd1 Qxe3 32. fxe3 Nc5 33. Nd2 f5 34.
exf5 gxf5 35. b4 Ne6 36. e4 fxe4 37. Nxe4 Rd4 38. Nd2 Rd7 39. Re1 axb4 40. axb4
Rxa1 41. Rxa1 Nd4 42. Rb1 Ra7 43. Kf2 Nc2 44. Rb3 Rf7+ 45. Kg1 Rd7 46. Rb2 Kg6
47. c5 Kf5 48. c6 Rc7 49. b5 e4 50. g4+ Kf4 51. Rb1 e3 52. Nc4 e2 53. Kf2 Re7
0-1

[Event "?"]
[Site "?"]
[Date "2014.04.17"]
[Round "6.11"]
[White "Zhao, Kevin"]
[Black "Rausch, Wolfgang sr"]
[Result "1/2-1/2"]
[WhiteElo "1867"]
[BlackElo "1888"]
[PlyCount "80"]
[EventDate "2014.??.??"]
[WhiteTeam "SC Erlangen 48/88 e.V."]
[BlackTeam "SC Noris-Tarrasch Nürnberg 1873"]

1. e4 Nf6 2. e5 Nd5 3. d4 d6 4. c4 Nb6 5. f4 Bf5 6. Be3 e6 7. Nf3 dxe5 8. fxe5
c5 9. Nc3 cxd4 10. Nxd4 Bb4 11. Nxf5 Bxc3+ 12. bxc3 Qxd1+ 13. Rxd1 exf5 14. c5
N6d7 15. Bb5 Nc6 16. O-O g6 17. Rd6 Ndxe5 18. Bxc6+ Nxc6 19. Bh6 Nd8 20. Bg7
Rg8 21. Bf6 Ne6 22. Rfd1 g5 23. c6 bxc6 24. Rxc6 Rg6 25. Be5 Nd8 26. Rc7 Re6
27. Bd4 Re7 28. Rc5 Re6 29. Rxf5 h6 30. h4 gxh4 31. Rh5 Nc6 32. Bg7 Rb8 33.
Rxh6 Rxh6 34. Bxh6 Rb5 35. Bf4 Rc5 36. Rd3 Rc4 37. Bg5 Rg4 38. Bf6 Rf4 39. Rd6
Rc4 40. Rd5 Rf4 1/2-1/2

[Event "?"]
[Site "?"]
[Date "2014.04.17"]
[Round "6.12"]
[White "Tong, Kevin"]
[Black "Korth, Manfred"]
[Result "1-0"]
[WhiteElo "1699"]
[BlackElo "1904"]
[PlyCount "101"]
[EventDate "2014.??.??"]
[WhiteTeam "SC Erlangen 48/88 e.V."]
[BlackTeam "SC Heideck-Hilpoltstein"]

1. e4 d6 2. d4 Nf6 3. Nc3 c6 4. Be3 b5 5. f3 a6 6. Qd2 Nbd7 7. Nge2 e5 8. O-O-O
Be7 9. g4 exd4 10. Nxd4 Nb8 11. h4 c5 12. Nf5 Bxf5 13. gxf5 Nc6 14. Be2 Qa5 15.
Kb1 Ne5 16. Bf4 Ra7 17. Nd5 Qxd2 18. Rxd2 Nxd5 19. Rxd5 f6 20. h5 h6 21. Rg1
Kf7 22. c3 Rd8 23. Rgd1 Rad7 24. Kc2 Ke8 25. b3 Rb7 26. Bh2 a5 27. f4 Nc6 28.
Bf3 Rb6 29. e5 dxe5 30. Rxd8+ Bxd8 31. Bxc6+ Rxc6 32. fxe5 fxe5 33. Bxe5 Bf6
34. Bxf6 Rxf6 35. Rd5 Rc6 36. Kd3 Ke7 37. Ke4 Kf6 38. Kf4 b4 39. c4 Kf7 40. Ke5
Ke7 41. Rd3 Rc8 42. Rg3 Kf7 43. Rg6 a4 44. Kd5 axb3 45. axb3 Ra8 46. Kxc5 Ra5+
47. Kb6 Rxf5 48. c5 Rf3 49. c6 Rxb3 50. c7 Rc3 51. Rc6 1-0

[Event "?"]
[Site "?"]
[Date "2014.04.17"]
[Round "6.13"]
[White "Vogiatzis, Dimitrios"]
[Black "Kroneder, Christian"]
[Result "1/2-1/2"]
[WhiteElo "2107"]
[BlackElo "2059"]
[PlyCount "39"]
[EventDate "2014.??.??"]
[WhiteTeam "SC Noris-Tarrasch Nürnberg 1873"]
[BlackTeam "SK Schwanstetten 79 e.V."]

1. e4 c5 2. b4 cxb4 3. a3 d5 4. exd5 Qxd5 5. Nf3 e5 6. axb4 Bxb4 7. Ba3 Nc6 8.
Bxb4 Qe4+ 9. Be2 Qxb4 10. Nc3 Nf6 11. O-O O-O 12. Ra4 Qe7 13. Re1 Bd7 14. Bf1
Rfe8 15. Qb1 a6 16. Qb6 Qf8 17. Ne4 Nd5 18. Qxb7 Ra7 19. Qb3 Nc7 20. c3 1/2-1/2

[Event "?"]
[Site "?"]
[Date "2014.04.17"]
[Round "6.14"]
[White "Schlötterer, Hermann"]
[Black "Brenner, Christian"]
[Result "0-1"]
[WhiteElo "1944"]
[BlackElo "2064"]
[PlyCount "58"]
[EventDate "2014.??.??"]
[WhiteTeam "Spvg Zabo-Eintracht Nürnberg e.V"]
[BlackTeam "Spvg Zabo-Eintracht Nürnberg e.V"]

1. b3 Nf6 2. Bb2 d5 3. e3 c5 4. Nf3 Bg4 5. Be2 Nc6 6. a3 e6 7. O-O Bd6 8. c4
Qc7 9. Nc3 dxc4 10. Nb5 Qe7 11. Nxd6+ Qxd6 12. bxc4 O-O-O 13. Bc3 Ne4 14. Bxg7
Rhg8 15. Bc3 Qe7 16. Rc1 Rg6 17. Ne5 Nxe5 18. Bxe5 Rxd2 19. Qa4 Bxe2 20. Qxa7
Nd6 21. Qa8+ Kd7 22. Rb1 Bxf1 23. Kxf1 Qd8 24. Qa4+ Ke7 25. Bc3 Ne4 26. Rxb7+
Kf8 27. Bd4 Rxf2+ 28. Ke1 Rgxg2 29. Bxc5+ Kg8 0-1

[Event "?"]
[Site "?"]
[Date "2014.04.17"]
[Round "6.15"]
[White "Pidtoptanyy, Igor"]
[Black "Friedrich, Michael"]
[Result "1-0"]
[WhiteElo "1989"]
[BlackElo "1656"]
[PlyCount "61"]
[EventDate "2014.??.??"]
[WhiteTeam "SW Nürnberg Süd e.V."]
[BlackTeam "SC Erlangen 48/88 e.V."]

1. e4 g6 2. d4 Bg7 3. Nc3 c5 4. Nf3 d6 5. Bb5+ Bd7 6. Bxd7+ Nxd7 7. O-O Ngf6 8.
e5 dxe5 9. dxe5 Ng4 10. e6 Nde5 11. exf7+ Nxf7 12. Qe2 Qb6 13. Nd5 Qd6 14. c4
Nge5 15. Nxe5 Bxe5 16. f4 Bf6 17. Re1 Bd4+ 18. Be3 O-O-O 19. Bxd4 cxd4 20. Qg4+
Kb8 21. Rxe7 Nh6 22. Qe6 Nf5 23. Qxd6+ Nxd6 24. b3 Nf5 25. Re5 Rhe8 26. Rae1
Rxe5 27. Rxe5 Kc8 28. Kf2 Nd6 29. Ke2 Ne8 30. Kd3 Rd6 31. Rxe8+ 1-0

[Event "?"]
[Site "?"]
[Date "2014.04.17"]
[Round "7.1"]
[White "Reis, Gerhard"]
[Black "Ederer, Rene"]
[Result "1/2-1/2"]
[WhiteElo "2202"]
[BlackElo "2116"]
[PlyCount "79"]
[EventDate "2014.??.??"]
[WhiteTeam "SW Nürnberg Süd e.V."]
[BlackTeam "SC Noris-Tarrasch Nürnberg 1873"]

1. Nf3 e6 2. c4 Nf6 3. Nc3 d5 4. d4 c6 5. g3 Bd6 6. Bg2 O-O 7. O-O Nbd7 8. Nd2
h6 9. e4 dxe4 10. Ndxe4 Nxe4 11. Nxe4 Bc7 12. d5 cxd5 13. cxd5 exd5 14. Qxd5
Ne5 15. Qxd8 Rxd8 16. Bf4 g5 17. Bd2 Bh3 18. Nf6+ Kg7 19. Bc3 Bxg2 20. Kxg2
Kxf6 21. f4 gxf4 22. gxf4 Ke6 23. fxe5 Bxe5 24. Bxe5 Rd2+ 25. Kh3 Kxe5 26.
Rae1+ Kd5 27. Rf5+ Kd4 28. Rf4+ Kd5 29. Rf5+ Kd4 30. Rf4+ Kd3 31. Rf3+ Kc2 32.
Rxf7 Kxb2 33. Rxb7+ Kxa2 34. Re6 a5 35. Rxh6 a4 36. Kg4 a3 37. h4 Rb2 38. Rhb6
Rg8+ 39. Kh3 Rh8 40. Kg3 1/2-1/2

[Event "?"]
[Site "?"]
[Date "2014.04.17"]
[Round "7.2"]
[White "Miller, Eduard"]
[Black "Hirn, Oskar"]
[Result "1-0"]
[WhiteElo "2094"]
[BlackElo "2229"]
[PlyCount "73"]
[EventDate "2014.??.??"]
[WhiteTeam "SC Erlangen 48/88 e.V."]
[BlackTeam "SC Noris-Tarrasch Nürnberg 1873"]

1. e4 d6 2. d4 Nf6 3. f3 c6 4. c4 e5 5. d5 Be7 6. Nc3 O-O 7. Be3 a6 8. Bd3 b5
9. Nge2 cxd5 10. cxd5 Nbd7 11. O-O Ne8 12. Qd2 Nc5 13. Bc2 Bd7 14. b4 Nb7 15.
a4 Nc7 16. Bd3 h6 17. Ra2 Bg5 18. Rfa1 Rb8 19. axb5 axb5 20. Ra7 Qe7 21. Bxg5
Qxg5 22. Qxg5 hxg5 23. Rc1 Rfc8 24. Nb1 Kf8 25. Na3 Ke8 26. Nc3 Kd8 27. Ncxb5
Nxb5 28. Rxc8+ Rxc8 29. Nxb5 Rb8 30. Ra6 Kc8 31. Rb6 Bxb5 32. Bxb5 Nd8 33.
Rxb8+ Kxb8 34. Be8 Kc7 35. Kf2 f6 36. Kg3 Nb7 37. Kg4 1-0

[Event "?"]
[Site "?"]
[Date "2014.04.17"]
[Round "7.3"]
[White "Wagner, Florian"]
[Black "Leopold, Christian"]
[Result "1-0"]
[WhiteElo "2189"]
[BlackElo "2060"]
[PlyCount "57"]
[EventDate "2014.??.??"]
[WhiteTeam "SC Noris-Tarrasch Nürnberg 1873"]
[BlackTeam "SV Lauf a.d.P."]

1. e4 d6 2. d4 Nf6 3. Nc3 e5 4. Nf3 Nbd7 5. Bc4 Be7 6. O-O O-O 7. Re1 c6 8. a4
a5 9. b3 exd4 10. Nxd4 Nc5 11. Bb2 Re8 12. Qf3 Bf8 13. h3 Be6 14. Nxe6 fxe6 15.
e5 Nd5 16. exd6 Bxd6 17. Ne4 Nxe4 18. Rxe4 Qd7 19. Rae1 Re7 20. Rh4 Rf8 21. Qe4
g6 22. Qd4 Kf7 23. Rxh7+ Ke8 24. Rxe7+ Qxe7 25. Qg4 Kd7 26. Bxd5 cxd5 27. Qxg6
Bc5 28. Re2 Rf5 29. Qxf5 1-0

[Event "?"]
[Site "?"]
[Date "2014.04.17"]
[Round "7.4"]
[White "Just, Hannes"]
[Black "Seibold, Hubert"]
[Result "1-0"]
[WhiteElo "2137"]
[BlackElo "2163"]
[PlyCount "61"]
[EventDate "2014.??.??"]
[WhiteTeam "SW Nürnberg Süd e.V."]
[BlackTeam "SK Zirndorf e.V."]

1. e4 c5 2. Nf3 e6 3. b3 Nc6 4. Bb2 Nf6 5. e5 Nd5 6. Na3 f6 7. Nc4 fxe5 8.
Nfxe5 Nf6 9. g4 Nxe5 10. Nxe5 d6 11. g5 dxe5 12. gxf6 gxf6 13. Qh5+ Kd7 14.
O-O-O Kc7 15. f4 Bd7 16. fxe5 f5 17. d4 Qe8 18. Qh4 Qg6 19. Qf2 Qg4 20. Bc4
Bh6+ 21. Kb1 Qf4 22. Qe1 Qe3 23. Qa5+ b6 24. Qa3 Rhg8 25. Rhe1 Qf2 26. Rf1 Qh4
27. dxc5 Bf8 28. cxb6+ Kxb6 29. Qa6+ Kc7 30. Rxd7+ Kxd7 31. Qb7+ 1-0

[Event "?"]
[Site "?"]
[Date "2014.04.17"]
[Round "7.5"]
[White "Götz, Andreas"]
[Black "Wittmann, Helmut"]
[Result "1/2-1/2"]
[WhiteElo "2116"]
[BlackElo "2105"]
[PlyCount "55"]
[EventDate "2014.??.??"]
[WhiteTeam "SC Erlangen 48/88 e.V."]
[BlackTeam "BSG Wöhrlhaus Erlangen"]

1. Nf3 d5 2. d4 Bg4 3. e3 e6 4. c4 c6 5. Nbd2 Nd7 6. Be2 Ngf6 7. O-O Bd6 8. b3
O-O 9. Bb2 Ne4 10. Ne5 Bxe2 11. Qxe2 Nxe5 12. dxe5 Nxd2 13. Qxd2 Bc7 14. Qc2
dxc4 15. bxc4 Qh4 16. Rad1 Rfd8 17. Qb3 Rab8 18. Rxd8+ Bxd8 19. Ba3 b6 20. Qa4
Bc7 21. Qxc6 Bxe5 22. f4 Bc3 23. Bd6 Rd8 24. Qc7 Bf6 25. g3 Qh5 26. Be5 Qe2 27.
Bxf6 Qxe3+ 28. Kh1 1/2-1/2

[Event "?"]
[Site "?"]
[Date "2014.04.17"]
[Round "7.6"]
[White "Erlbeck, Peter"]
[Black "Hirn, Erwin"]
[Result "1/2-1/2"]
[WhiteElo "2091"]
[BlackElo "2165"]
[PlyCount "26"]
[EventDate "2014.??.??"]
[WhiteTeam "SW Nürnberg Süd e.V."]
[BlackTeam "SW Nürnberg Süd e.V."]

1. e4 b6 2. d4 e6 3. Nf3 Bb7 4. Bd3 c5 5. c3 cxd4 6. cxd4 Bb4+ 7. Bd2 Bxd2+ 8.
Nbxd2 Ne7 9. O-O O-O 10. Re1 f5 11. e5 Bd5 12. Nc4 Nbc6 13. Be2 h6 1/2-1/2

[Event "?"]
[Site "?"]
[Date "2014.04.17"]
[Round "7.7"]
[White "Kotz, Reinhard"]
[Black "Zhao, Kevin"]
[Result "1/2-1/2"]
[WhiteElo "2180"]
[BlackElo "1867"]
[PlyCount "80"]
[EventDate "2014.??.??"]
[WhiteTeam "SV Puschendorf 1949 e.V."]
[BlackTeam "SC Erlangen 48/88 e.V."]

1. f4 e6 2. Nf3 d5 3. b3 Bd6 4. e3 c5 5. Bb2 Nf6 6. Ne5 O-O 7. Bd3 Nbd7 8. Nxd7
Bxd7 9. O-O b5 10. c4 Rb8 11. cxd5 exd5 12. Nc3 a5 13. Ne2 b4 14. Ng3 Bb5 15.
Bxb5 Rxb5 16. Qe2 Rb8 17. Nf5 Re8 18. Nxd6 Qxd6 19. Be5 Qc6 20. Bxb8 Rxb8 21.
d3 Qb5 22. Qc2 Nd7 23. Rac1 Rc8 24. e4 Nb6 25. exd5 Nxd5 26. Qc4 Qxc4 27. dxc4
Nc3 28. Rc2 Rd8 29. Re1 Kf8 30. g3 a4 31. Re5 Rc8 32. Rd2 a3 33. Kf2 f6 34. Re3
Kf7 35. g4 g6 36. Rd7+ Kg8 37. Rd2 Kf7 38. h4 f5 39. g5 Rc7 40. Rc2 Nd1+
1/2-1/2

[Event "?"]
[Site "?"]
[Date "2014.04.17"]
[Round "7.8"]
[White "Walter, Thomas"]
[Black "Saathoff, Richard"]
[Result "0-1"]
[WhiteElo "2128"]
[BlackElo "2139"]
[PlyCount "78"]
[EventDate "2014.??.??"]
[WhiteTeam "SC Erlangen 48/88 e.V."]
[BlackTeam "SW Nürnberg Süd e.V."]

1. e4 e5 2. Nf3 Nc6 3. d4 exd4 4. Nxd4 Bc5 5. Be3 Qf6 6. Nb5 Bxe3 7. fxe3 Qh4+
8. g3 Qd8 9. Qg4 g6 10. Qf4 d6 11. Bc4 Ne5 12. Nd2 Nxc4 13. Nxc4 Be6 14. Nxc7+
Qxc7 15. Nxd6+ Kf8 16. Qe5 Qe7 17. Qxh8 Qxd6 18. O-O Qd2 19. Qd4 Rd8 20. Qc5+
Ne7 21. Rf2 Qd6 22. Qc3 Kg8 23. e5 Qb6 24. Rd2 Rxd2 25. Qxd2 Nc6 26. Qc3 Qb5
27. Rd1 Qe2 28. Rd2 Qf3 29. Rf2 Qd1+ 30. Rf1 Qd5 31. e4 Qxe4 32. Re1 Qd5 33. a3
Bh3 34. Re2 Nd4 35. Rf2 Qxe5 36. Qd2 Qe4 37. Qc3 Ne2+ 38. Rxe2 Qxe2 39. Qc8+
Bxc8 0-1

[Event "?"]
[Site "?"]
[Date "2014.04.17"]
[Round "7.9"]
[White "Surinya, Tibor"]
[Black "Tong, Kevin"]
[Result "1/2-1/2"]
[WhiteElo "2063"]
[BlackElo "1699"]
[PlyCount "50"]
[EventDate "2014.??.??"]
[WhiteTeam "SC Noris-Tarrasch Nürnberg 1873"]
[BlackTeam "SC Erlangen 48/88 e.V."]

1. d4 d5 2. Nf3 c6 3. g3 Nf6 4. Bg2 Bf5 5. O-O e6 6. c4 Bd6 7. Nc3 O-O 8. b3
Nbd7 9. Bb2 Rc8 10. Rc1 Re8 11. Nd2 Bf8 12. e4 dxe4 13. Ndxe4 Nxe4 14. Nxe4 Nf6
15. Nxf6+ Qxf6 16. Qe2 Qg6 17. Rfd1 Red8 18. h3 Qg5 19. h4 Qg6 20. Ra1 b6 21.
h5 Qg5 22. Bc1 Qf6 23. Bb2 Qg5 24. Bc1 Qf6 25. Bb2 Qg5 1/2-1/2

[Event "?"]
[Site "?"]
[Date "2014.04.17"]
[Round "7.10"]
[White "Meulner, Klaus"]
[Black "Willim, Michael"]
[Result "0-1"]
[WhiteElo "2123"]
[BlackElo "2141"]
[PlyCount "70"]
[EventDate "2014.??.??"]
[WhiteTeam "SW Nürnberg Süd e.V."]
[BlackTeam "SC Erlangen 48/88 e.V."]

1. d4 e6 2. c4 Nf6 3. Nc3 Bb4 4. e3 c5 5. Nge2 cxd4 6. exd4 O-O 7. a3 Be7 8. d5
exd5 9. cxd5 Re8 10. g3 a6 11. Bg2 Bc5 12. O-O d6 13. h3 Nbd7 14. Nd4 Ne5 15.
Bg5 Bxd4 16. Qxd4 Bxh3 17. Ne4 Bxg2 18. Kxg2 Ned7 19. Nxd6 Re5 20. Bxf6 Qxf6
21. Nxb7 Rb8 22. Na5 Rb5 23. Rac1 h6 24. Rc8+ Kh7 25. Nc6 Rbxd5 26. Qc4 Rf5 27.
Nb4 Rd2 28. Qe4 g6 29. Nd3 Ne5 30. Nf4 Rxb2 31. Rc5 Ng4 32. Rxf5 gxf5 33. Qf3
a5 34. Nd3 Rb3 35. Rc1 Ne5 0-1

[Event "?"]
[Site "?"]
[Date "2014.04.17"]
[Round "7.11"]
[White "Brenner, Christian"]
[Black "Zühlke, Burkhard"]
[Result "1/2-1/2"]
[WhiteElo "2064"]
[BlackElo "2087"]
[PlyCount "60"]
[EventDate "2014.??.??"]
[WhiteTeam "Spvg Zabo-Eintracht Nürnberg e.V"]
[BlackTeam "SK Zirndorf e.V."]

1. e4 d6 2. d4 Nf6 3. Nc3 g6 4. f4 Bg7 5. Nf3 O-O 6. Bd3 Na6 7. O-O c5 8. dxc5
Nxc5 9. Qe2 Qc7 10. Kh1 Bg4 11. Be3 a6 12. Qe1 Qc6 13. Nd4 Qc8 14. f5 e5 15.
fxe6 fxe6 16. Qh4 e5 17. Nf3 Qd7 18. Ng5 Nxd3 19. cxd3 h6 20. Nf3 Nh5 21. Nd5
Bxf3 22. gxf3 Nf4 23. Bxf4 exf4 24. Nb6 Qd8 25. Qf2 Rb8 26. Rac1 Rf7 27. Rg1 g5
28. Rc2 Qf6 29. Rgc1 Rbf8 30. Nd5 Qe5 1/2-1/2

[Event "?"]
[Site "?"]
[Date "2014.04.17"]
[Round "7.12"]
[White "Rausch, Wolfgang sr"]
[Black "Kroneder, Christian"]
[Result "0-1"]
[WhiteElo "1888"]
[BlackElo "2059"]
[PlyCount "44"]
[EventDate "2014.??.??"]
[WhiteTeam "SC Noris-Tarrasch Nürnberg 1873"]
[BlackTeam "SK Schwanstetten 79 e.V."]

1. c4 c6 2. Nc3 d5 3. cxd5 cxd5 4. d4 Nf6 5. Bf4 Nc6 6. e3 a6 7. Bd3 e6 8. Nf3
Bd6 9. Bxd6 Qxd6 10. O-O O-O 11. Rc1 e5 12. dxe5 Nxe5 13. Nd4 Nfg4 14. Be2 Nxh2
15. Re1 Nhg4 16. Nf3 Be6 17. Qd4 Rac8 18. Red1 Rfd8 19. Rd2 Nxf3+ 20. Bxf3 Qh2+
21. Kf1 Qh1+ 22. Ke2 Qxc1 0-1

[Event "?"]
[Site "?"]
[Date "2014.04.17"]
[Round "7.13"]
[White "Rausch, Wolfgang jr"]
[Black "Pidtoptanyy, Igor"]
[Result "1-0"]
[WhiteElo "2149"]
[BlackElo "1989"]
[PlyCount "135"]
[EventDate "2014.??.??"]
[WhiteTeam "SV Lauf a.d.P."]
[BlackTeam "SW Nürnberg Süd e.V."]

1. d4 d5 2. c4 e6 3. Nf3 Nf6 4. Bg5 Be7 5. e3 O-O 6. Nbd2 h6 7. Bh4 Nbd7 8. Bd3
c5 9. O-O cxd4 10. exd4 dxc4 11. Nxc4 b5 12. Nce5 Nxe5 13. Nxe5 Bb7 14. Re1 g5
15. Bg3 Qd5 16. Nf3 Qd7 17. Be5 Rac8 18. Qe2 a6 19. Rad1 Bd5 20. Bb1 Qc6 21.
Qd3 Be4 22. Rxe4 Qxe4 23. Qxe4 Nxe4 24. Bxe4 f6 25. Bg3 f5 26. Bb7 f4 27. Bxc8
Rxc8 28. Bxf4 gxf4 29. Kf1 Bb4 30. a3 Ba5 31. Ne1 Kf7 32. Nd3 Rc2 33. b4 Bb6
34. Nxf4 e5 35. Ne2 exd4 36. Nxd4 Ra2 37. Rd3 Bxd4 38. Rxd4 Rxa3 39. Rd6 h5 40.
f3 Ra2 41. Rh6 Ra4 42. Kf2 Kg7 43. Re6 Rxb4 44. Rxa6 h4 45. Re6 Kf7 46. Re2 Kf6
47. g3 hxg3+ 48. hxg3 Rb1 49. f4 b4 50. Re5 b3 51. Rb5 b2 52. Kg2 Kg6 53. g4
Kf6 54. Rb6+ Kf7 55. g5 Rc1 56. Rxb2 Kg6 57. Kf3 Rf1+ 58. Rf2 Rg1 59. Rg2 Rf1+
60. Kg4 Rb1 61. f5+ Kg7 62. Rg3 Rb5 63. Ra3 Kh7 64. Ra7+ Kg8 65. f6 Rb8 66. Kh5
Rf8 67. Kg6 Kh8 68. Rh7+ 1-0

[Event "?"]
[Site "?"]
[Date "2014.04.17"]
[Round "7.14"]
[White "Schlötterer, Hermann"]
[Black "Vogiatzis, Dimitrios"]
[Result "0-1"]
[WhiteElo "1944"]
[BlackElo "2107"]
[PlyCount "62"]
[EventDate "2014.??.??"]
[WhiteTeam "Spvg Zabo-Eintracht Nürnberg e.V"]
[BlackTeam "SC Noris-Tarrasch Nürnberg 1873"]

1. Nf3 d5 2. c4 e6 3. g3 f5 4. Bg2 Nf6 5. d3 Bd6 6. O-O O-O 7. Nc3 c6 8. e4 d4
9. e5 dxc3 10. exf6 Qxf6 11. Bg5 Qg6 12. bxc3 Nd7 13. Qd2 h6 14. Bf4 e5 15. Nh4
Qf6 16. Be3 f4 17. c5 Be7 18. Qc2 fxe3 19. fxe3 Qe6 20. Rxf8+ Nxf8 21. Rf1 Bxh4
22. gxh4 Bd7 23. d4 exd4 24. exd4 Re8 25. Kh1 Re7 26. c4 Rf7 27. Rg1 Qe3 28.
Qd1 Rf4 29. d5 Rxh4 30. Qa1 Rxh2+ 31. Kxh2 Qf4+ 0-1

[Event "?"]
[Site "?"]
[Date "2014.04.17"]
[Round "7.15"]
[White "Friedrich, Michael"]
[Black "Korth, Manfred"]
[Result "0-1"]
[WhiteElo "1656"]
[BlackElo "1904"]
[PlyCount "90"]
[EventDate "2014.??.??"]
[WhiteTeam "SC Erlangen 48/88 e.V."]
[BlackTeam "SC Heideck-Hilpoltstein"]

1. Nf3 d6 2. c4 e5 3. d3 f5 4. Nc3 c6 5. e3 Nf6 6. Qc2 Be7 7. g3 O-O 8. Bg2 Na6
9. a3 Nc7 10. b4 Rb8 11. Rb1 Qe8 12. O-O Qh5 13. b5 Bd7 14. b6 axb6 15. Rxb6
Bd8 16. Qb3 Bc8 17. Rxc6 Nfe8 18. Bd2 Kh8 19. Rb1 Ra8 20. Rb6 Ne6 21. Rb4 Nc5
22. Qc2 Rxa3 23. Ne1 b6 24. Nd5 Nd7 25. Ra4 Rxa4 26. Qxa4 Nc7 27. Nxb6 Nc5 28.
Qc2 Be6 29. Na4 Nd7 30. Bb4 Be7 31. Ba5 Ne8 32. Rb7 f4 33. Bf3 Qg5 34. exf4
exf4 35. Bd2 Ne5 36. Bg2 Qg6 37. Rxe7 fxg3 38. hxg3 Qf6 39. Bg5 Qxg5 40. Rb7
Ng4 41. Nf3 Qh6 42. Nb2 Rxf3 43. Bxf3 Qh2+ 44. Kf1 Ne3+ 45. Ke2 Nxc2 0-1

[Event "?"]
[Site "?"]
[Date "2014.04.18"]
[Round "8.1"]
[White "Reis, Gerhard"]
[Black "Miller, Eduard"]
[Result "0-1"]
[WhiteElo "2202"]
[BlackElo "2094"]
[PlyCount "84"]
[EventDate "2014.??.??"]
[WhiteTeam "SW Nürnberg Süd e.V."]
[BlackTeam "SC Erlangen 48/88 e.V."]

1. Nf3 Nf6 2. c4 b6 3. g3 Bb7 4. Bg2 g6 5. b3 Bg7 6. Bb2 O-O 7. O-O d6 8. d4
Nbd7 9. Nc3 Re8 10. Qc2 a6 11. Rfe1 c5 12. e4 cxd4 13. Nxd4 Rc8 14. Qd2 Qc7 15.
Nd5 Qb8 16. Bh3 Rcd8 17. Bg2 Rc8 18. a4 e5 19. Ne2 Bxd5 20. cxd5 Nc5 21. Nc1 a5
22. f3 Rc7 23. b4 axb4 24. Qxb4 Bh6 25. Bf1 Nfd7 26. Bb5 f5 27. Nd3 fxe4 28.
fxe4 Rf8 29. Kg2 Nxd3 30. Bxd3 Nc5 31. Bb5 Rcf7 32. Rf1 Be3 33. Rxf7 Rxf7 34.
Qe1 Rf2+ 35. Kh1 Rxb2 36. Qxe3 Qc8 37. Qc3 Rf2 38. Qe3 Nxe4 39. Qxb6 Nxg3+ 40.
Kg1 Ne4 41. Bf1 Qg4+ 42. Kh1 Rxh2+ 0-1

[Event "?"]
[Site "?"]
[Date "2014.04.18"]
[Round "8.2"]
[White "Ederer, Rene"]
[Black "Just, Hannes"]
[Result "1-0"]
[WhiteElo "2116"]
[BlackElo "2137"]
[PlyCount "145"]
[EventDate "2014.??.??"]
[WhiteTeam "SC Noris-Tarrasch Nürnberg 1873"]
[BlackTeam "SW Nürnberg Süd e.V."]

1. d4 d6 2. e4 e5 3. Nf3 exd4 4. Nxd4 Nf6 5. Nc3 Be7 6. Be2 O-O 7. O-O Re8 8.
f4 c6 9. Kh1 Bf8 10. Bf3 Nbd7 11. Nb3 b5 12. e5 dxe5 13. Bxc6 Rb8 14. fxe5 Ng4
15. Bf4 Qb6 16. e6 Qxc6 17. exf7+ Kxf7 18. Bxb8+ Ndf6 19. Qd5+ Qxd5 20. Nxd5
Bb7 21. Nxf6 gxf6 22. Bxa7 Re2 23. Rg1 Re5 24. Rgd1 Kg6 25. h3 Ne3 26. Bxe3
Rxe3 27. Kg1 Rg3 28. Rd2 Bh6 29. Re2 Bf4 30. Rae1 Bc7 31. Nd4 Bb6 32. c3 b4 33.
Rc1 Bd5 34. a3 b3 35. Rce1 Ba7 36. Kf1 f5 37. Re6+ Bxe6 38. Rxe6+ Kf7 39. Ra6
Bxd4 40. cxd4 Rd3 41. Rb6 f4 42. Rb4 f3 43. g3 Kf6 44. Rb5 Ke6 45. a4 Kd6 46.
a5 Kc6 47. Rb8 Kc7 48. Rb4 h5 49. a6 h4 50. gxh4 Rd1+ 51. Kf2 Rd2+ 52. Kxf3
Rxb2 53. a7 Ra2 54. Rxb3 Rxa7 55. Ke4 Ra5 56. Rg3 Rh5 57. Rg4 Kd7 58. Rf4 Kd6
59. Kf3 Rh8 60. Kg3 Kd5 61. Kf3 Kd6 62. Kg4 Rg8+ 63. Kf5 Rf8+ 64. Kg5 Rg8+ 65.
Kh6 Rg3 66. h5 Rxh3 67. Kg6 Rg3+ 68. Kh7 Ke7 69. h6 Ke8 70. Rf6 Rd3 71. Kg7 Ke7
72. h7 Rh3 73. Rh6 1-0

[Event "?"]
[Site "?"]
[Date "2014.04.18"]
[Round "8.3"]
[White "Saathoff, Richard"]
[Black "Wagner, Florian"]
[Result "0-1"]
[WhiteElo "2139"]
[BlackElo "2189"]
[PlyCount "60"]
[EventDate "2014.??.??"]
[WhiteTeam "SW Nürnberg Süd e.V."]
[BlackTeam "SC Noris-Tarrasch Nürnberg 1873"]

1. e4 g6 2. d4 Bg7 3. Nc3 d6 4. f4 a6 5. Nf3 b5 6. Bd3 Bb7 7. O-O Nd7 8. e5 Nh6
9. Qe1 O-O 10. Qg3 e6 11. Qh3 c5 12. Be4 Qc8 13. f5 Nxf5 14. Bxf5 exf5 15. Bh6
Bxf3 16. Rxf3 dxe5 17. dxe5 Nxe5 18. Rf4 Ng4 19. Bxg7 Kxg7 20. Nd5 Qc6 21. Ne3
Nxe3 22. Qxe3 Rfe8 23. Qg3 Qf6 24. Raf1 Re5 25. Qf2 Rd8 26. Rf3 Rd4 27. Re3
Rxe3 28. Qxe3 Qd6 29. Qf3 Rd2 30. h4 Qd4+ 0-1

[Event "?"]
[Site "?"]
[Date "2014.04.18"]
[Round "8.4"]
[White "Hirn, Oskar"]
[Black "Wittmann, Helmut"]
[Result "1-0"]
[WhiteElo "2229"]
[BlackElo "2105"]
[PlyCount "82"]
[EventDate "2014.??.??"]
[WhiteTeam "SC Noris-Tarrasch Nürnberg 1873"]
[BlackTeam "BSG Wöhrlhaus Erlangen"]

1. Nf3 d5 2. g3 c6 3. Bg2 Bg4 4. h3 Bh5 5. c4 dxc4 6. a4 Nd7 7. Na3 e5 8. Nxc4
e4 9. Nh2 Nc5 10. Qc2 Nf6 11. Ng4 Nxg4 12. hxg4 Bxg4 13. b4 Ne6 14. Qxe4 Qd4
15. Bb2 Qxe4 16. Bxe4 Ng5 17. Bg2 Bxb4 18. Bxg7 Rg8 19. Bf6 Rg6 20. Bxg5 Rxg5
21. Rxh7 O-O-O 22. Rd1 Rc5 23. Ne3 Rxd2 24. Rxd2 Rc1+ 25. Nd1 Rc2 26. Rh8+ Kc7
27. Rhd8 Be6 28. Be4 Ra2 29. R8d4 Ba5 30. Bb1 Ra1 31. Bc2 c5 32. Rd8 Ra2 33.
Kf1 Bxd2 34. Rxd2 Bb3 35. Ne3 b6 36. Bxb3 Rxd2 37. Bxf7 a6 38. Bc4 Rd4 39. g4
Kc6 40. g5 Rd7 41. Bxa6 Rg7 1-0

[Event "?"]
[Site "?"]
[Date "2014.04.18"]
[Round "8.5"]
[White "Seibold, Hubert"]
[Black "Erlbeck, Peter"]
[Result "1/2-1/2"]
[WhiteElo "2163"]
[BlackElo "2091"]
[PlyCount "63"]
[EventDate "2014.??.??"]
[WhiteTeam "SK Zirndorf e.V."]
[BlackTeam "SW Nürnberg Süd e.V."]

1. e4 c5 2. Nf3 Nc6 3. d4 cxd4 4. Nxd4 Nf6 5. Nc3 e6 6. g3 d5 7. Bg2 dxe4 8.
Nxc6 Qxd1+ 9. Kxd1 bxc6 10. Nxe4 Nxe4 11. Bxe4 Bb7 12. f4 O-O-O+ 13. Ke2 Bc5
14. Be3 Bb6 15. Rhd1 h6 16. b4 Ba6+ 17. Kf3 Kc7 18. a4 f5 19. Bd3 Bxd3 20. Rxd3
Rxd3 21. cxd3 Rd8 22. Bxb6+ Kxb6 23. Ke3 Rd5 24. d4 a5 25. Rb1 Kc7 26. Kd3 axb4
27. Rxb4 Ra5 28. Kc4 g5 29. Kb3 gxf4 30. gxf4 Ra8 31. Kc4 Ra5 32. Kb3 1/2-1/2